| 000 | 00476nam a22001697a 4500 | ||
|---|---|---|---|
| 005 | 20251108165212.0 | ||
| 008 | 250721s1994 xx 000 0 ara d | ||
| 082 | 1 | 4 | _a332.15/بيي |
| 100 | 1 | _aشيريك، بييار | |
| 245 | 1 | 0 |
_aالبنك الدولي : _bدراسة نقدية / |
| 264 | 1 |
_aالقاهرة : _bسينا للنشر، _c1994. |
|
| 300 | _a378ص | ||
| 650 | 1 | 7 | _aالبنك الدولي |
| 650 | 1 | 7 | _aالبنوك |
| 942 |
_2ddc _cBK |
||
| 999 |
_c22006 _d22006 |
||